000 00355nam a2200133Ia 4500
008 150202s9999 xx 000 0 und d
020 _a380818329
050 _aFIC
_bFIC
100 _aMaxwell, Cathy.
245 4 _aThe wedding wager /
_cCathy Maxwell.
260 _aNew York :
_bAvon Books,
_c2001.
300 _a370 pages :
_c18 cm.
650 _aFiction.
999 _c282258
_d282258